000 00816naa a22002057a 4500
001 2162214035924863
003 UA-OsUOA
005 20240417123305.0
008 240417b un ||||| |||| 00| 0 ukr d
040 _aUA-OsUOA
_bukr
_cUA-OsUOA
_dUA-OsUOA
041 _aukr
080 _a908
090 _a908
100 _aГаврилюк С. В.
_92453
245 _aВолинь у дослідженнях Київської Археографічної комісії (40–50-ті роки ХІХ ст.)
_cС. В. Гаврилюк
300 _aС. 251–254
650 _2UDC
773 0 _0328504
_9351107
_dЛуцьк Вежа 1999
_o100077
_t"Роде наш красний..." Волинь у долях краян і людських документах
_w(UA-OsUOA) 42415
_z5776385768
942 _2udc
_cBKA
999 _c576195
_d576195